Tous les joueurs de France-Croatie (2018) - Statistiques

Statistiques générales
  • Ce quiz a été pris 122 fois
  • Le résultat moyen est 20 sur 27
Statistiques - réponses
Numéro Equipe Joueur % Correct
1 France Lloris
100%
10 France Mbappé
100%
2 France Pavard
99%
9 France Giroud
98%
13 France Kanté
98%
10 Croatie Modric
98%
4 France Varane
98%
7 France Griezmann
97%
21 France Hernandez
97%
6 France Pogba
97%
5 France Umtiti
97%
14 France Matuidi
93%
17 Croatie Mandzukic
84%
4 Croatie Perisic
82%
15 France N'Zonzi
80%
7 Croatie Rakitic
80%
23 Croatie Subasic
79%
18 France Fekir
71%
12 France Tolisso
70%
21 Croatie Vida
62%
6 Croatie Lovren
55%
9 Croatie Kramaric
47%
11 Croatie Brozovic
44%
18 Croatie Rebic
44%
2 Croatie Vrsaljko
34%
3 Croatie Strinic
19%
20 Croatie Pjaca
16%
Aucun quiz correspondant
Distribution des résultats
% des personnes avec chaque résultat
Percentile par nombre de réponses
Votre historique - résultats
Vous n’avez pas pris ce quiz